| 000 | 00553nam a22002057a 4500 | ||
|---|---|---|---|
| 003 | OSt | ||
| 005 | 20210421075427.0 | ||
| 008 | 210225s1965 ||||| |||| 00| 0 eng d | ||
| 040 |
_aeng _beng _cDLC |
||
| 041 | _aeng | ||
| 080 |
_a821.111 _bS-69 |
||
| 100 |
_91126 _aSnow, P., C. |
||
| 245 |
_aCorridors of Power _c/ by: Bantam Books |
||
| 260 |
_aNew York _bBantam Books _c1965 |
||
| 300 | _a342 p. | ||
| 365 | _b0.95 usd | ||
| 650 | 0 |
_9247 _aEnglish literature |
|
| 653 | _aინგლისური ლიტერატურა | ||
| 942 |
_2udc _cBK |
||
| 999 |
_c1723 _d1723 |
||